[Event "Tournament 14473 - Europe Echecs"]
[Site "Europe Echecs"]
[Date "2020.07.11"]
[Round "3"]
[Time "14:57:21"]
[PlyCount "86"]
[White "DenningerGael"]
[Black "RobineGuillaum"]
[WhiteElo "1957"]
[BlackElo "1571"]
[Mode "WEB"]
[Result "1-0"]

1. c4 e5 2. Nc3 Nc6 3. g3 Bc5 4. Bg2 d6 5. e3 f5 6. Nge2 Nf6 7. O-O O-O 8. d4
Bb6 9. a3 Qe8 10. b4 Qh5 11. c5 f4 12. cxb6 f3 13. Nf4 exf4 14. Bxf3 Bg4 15.
Bxg4 Nxg4 16. h4 f3 17. Qb3+ Kh8 18. Qd5 Rf5 19. Qe6 axb6 20. e4 Nxd4 21. Qc4
Ne2+ 22. Nxe2 fxe2 23. Qxe2 Ne5 24. Qxh5 Rxh5 25. Bb2 Re8 26. f3 Rh6 27. Bxe5
Rxe5 28. Rac1 c5 29. Rfd1 Kg8 30. bxc5 bxc5 31. Rb1 Re7 32. Rb6 Rf6 33. Kf2 Rxe4
34. Rxb7 Ra4 35. Re1 Rxa3 36. f4 Ra8 37. Ree7 Rc8 38. Rxg7+ Kf8 39. Rxh7 Kg8 40.
Rbg7+ Kf8 41. Rg5 c4 42. Rh8+ Ke7 43. Rxc8 {RobineGuillaum a abandonné} 1-0

[Event "Tournament 14473 - Europe Echecs"]
[Site "Europe Echecs"]
[Date "2020.07.11"]
[Round "3"]
[Time "14:57:21"]
[PlyCount "71"]
[White "MartignoniMarg"]
[Black "LecciaAntoine"]
[WhiteElo "1500"]
[BlackElo "1950"]
[Mode "WEB"]
[Result "0-1"]

1. e4 e5 2. Nf3 Nc6 3. Bc4 Nf6 4. d3 h6 5. Be3 d6 6. h3 g5 7. c3 Bg7 8. Nbd2 a6
9. Nf1 Be6 10. Bb3 Qd7 11. Ng3 O-O 12. Qd2 d5 13. exd5 Nxd5 14. h4 g4 15. Nh2
Nxe3 16. Qxe3 Bxb3 17. axb3 Qe6 18. O-O-O f5 19. Qe2 Qxb3 20. f3 f4 21. Ne4 g3
22. Nf1 b5 23. Nc5 Qa2 24. d4 exd4 25. cxd4 Nxd4 26. Rxd4 Bxd4 27. Nd3 Qc4+ 28.
Kb1 Rae8 29. Qd1 c5 30. Ne1 Qe2 31. Qb3+ c4 32. Qb4 Qxe1+ 33. Qxe1 Rxe1+ 34. Kc2
Rfe8 35. Kd2 R8e2# {MartignoniMarg est échec et mat} 0-1

[Event "Tournament 14473 - Europe Echecs"]
[Site "Europe Echecs"]
[Date "2020.07.11"]
[Round "3"]
[Time "14:57:21"]
[PlyCount "140"]
[White "ParisRomain"]
[Black "ChabaudMathis"]
[WhiteElo "1486"]
[BlackElo "1920"]
[Mode "WEB"]
[Result "0-1"]

1. d4 Nf6 2. c4 e6 3. Nf3 Bb4+ 4. Bd2 Qe7 5. e3 O-O 6. Bd3 Bxd2+ 7. Qxd2 d6 8.
O-O e5 9. e4 Bg4 10. dxe5 dxe5 11. Qe3 Rd8 12. Nc3 c6 13. Rfd1 a5 14. Be2 Na6
15. Qg5 Bxf3 16. Bxf3 Nc5 17. Ne2 Qe6 18. Ng3 g6 19. b3 Rd7 20. h4 Rad8 21. h5
Rxd1+ 22. Rxd1 Rxd1+ 23. Bxd1 Ncxe4 24. Nxe4 Nxe4 25. Qd8+ Kg7 26. Qxa5 Qf5 27.
Bf3 Ng5 28. Be2 Ne6 29. hxg6 hxg6 30. Qd2 Nf4 31. Bf3 g5 32. g3 Nh3+ 33. Kg2 g4
34. Bd1 Ng5 35. Qe3 f6 36. a4 Ne6 37. Qe2 Nd4 38. Qxg4+ Qxg4 39. Bxg4 Nxb3 40.
Bc8 Nc5 41. Kf3 b6 42. Ke3 Nxa4 43. Bb7 c5 44. Ke4 Nc3+ 45. Kd3 Nd1 46. f4 Nf2+
47. Ke3 Ng4+ 48. Kf3 f5 49. fxe5 Nxe5+ 50. Kf4 Nxc4 51. Bc6 Kf6 52. Bd7 Nd6 53.
Bc6 b5 54. Ke3 Ke5 55. Kd3 b4 56. Kc2 Kd4 57. Bd7 c4 58. g4 fxg4 59. Bxg4 b3+
60. Kb2 Nb5 61. Be6 Kc5 62. Bf7 Kb4 63. Be6 c3+ 64. Kb1 Na3+ 65. Kc1 b2+ 66. Kd1
b1=Q+ 67. Ke2 c2 68. Bf5 c1=Q 69. Bxb1 Qxb1 70. Ke3 {ParisRomain a abandonné} 0-1

[Event "Tournament 14473 - Europe Echecs"]
[Site "Europe Echecs"]
[Date "2020.07.11"]
[Round "3"]
[Time "14:57:21"]
[PlyCount "58"]
[White "LecciaThomas"]
[Black "BenamarRayan"]
[WhiteElo "1893"]
[BlackElo "1558"]
[Mode "WEB"]
[Result "1-0"]

1. e4 e5 2. Nf3 Nc6 3. d4 exd4 4. Bc4 Nf6 5. e5 d5 6. Bb5 Ne4 7. Nxd4 Bd7 8.
Bxc6 Bxc6 9. O-O Be7 10. f3 Ng5 11. f4 Ne6 12. Nxc6 bxc6 13. f5 Nc5 14. Be3 Ne4
15. Nd2 Bc5 16. Bxc5 Nxc5 17. f6 gxf6 18. Rxf6 Qd7 19. Qf3 Rf8 20. Rf1 Ne6 21.
Nb3 Ng5 22. Qf4 Ne4 23. Rf5 Qe6 24. Nd4 Qg6 25. e6 f6 26. Qxc7 Rg8 27. Qxc6+ Ke7
28. Qb7+ Kd6 29. Rxd5# {BenamarRayan est échec et mat} 1-0

[Event "Tournament 14473 - Europe Echecs"]
[Site "Europe Echecs"]
[Date "2020.07.11"]
[Round "3"]
[Time "14:57:21"]
[PlyCount "78"]
[White "courjalpauline"]
[Black "KrzymanskiLeo"]
[WhiteElo "1848"]
[BlackElo "1506"]
[Mode "WEB"]
[Result "1-0"]

1. e4 c5 2. Nc3 Nc6 3. g3 g6 4. Bg2 Bg7 5. d3 e6 6. Be3 b6 7. Qd2 Nge7 8. Bh6
O-O 9. h4 Bb7 10. h5 Ne5 11. hxg6 fxg6 12. Bxg7 Kxg7 13. Qh6+ Kf7 14. Nb5 Rh8
15. Nd6+ Kg8 16. Nxb7 Qc7 17. Qg5 N5c6 18. e5 Qxb7 19. Qxe7 Nxe7 20. Bxb7 Rb8
21. Bg2 Kg7 22. f4 Nf5 23. Ne2 Ne3 24. Kf2 Nxc2 25. Rac1 Nb4 26. Be4 Nxa2 27.
Ra1 Nb4 28. Rxa7 Rhd8 29. g4 Nd5 30. Bxd5 exd5 31. e6 Ra8 32. Rha1 Rxa7 33. Rxa7
Kf6 34. exd7 Ke7 35. Nc3 d4 36. Nd5+ Ke6 37. Nxb6 Kd6 38. Nc4+ Ke7 39. Ne5 {KrzymanskiLeo a abandonné} 1-0

[Event "Tournament 14473 - Europe Echecs"]
[Site "Europe Echecs"]
[Date "2020.07.11"]
[Round "3"]
[Time "14:57:21"]
[PlyCount "90"]
[White "SabianiChjara"]
[Black "GroussetNathan"]
[WhiteElo "1842"]
[BlackElo "1476"]
[Mode "WEB"]
[Result "1-0"]

1. d4 d5 2. c4 c6 3. cxd5 cxd5 4. Nc3 Nf6 5. Bf4 Bf5 6. Qb3 e6 7. Qxb7 Nbd7 8.
Nf3 Be7 9. e3 O-O 10. Be2 Qc8 11. Qxc8 Rfxc8 12. O-O Bb4 13. Rac1 Nb6 14. Ba6
Rd8 15. Nb5 Nc4 16. Nc7 Rab8 17. Bxc4 dxc4 18. Ne5 Bd6 19. Nc6 Bxf4 20. exf4 Bd3
21. Rfd1 Ne4 22. Nxd8 Rxd8 23. f3 Nf6 24. Nb5 a6 25. Na3 Nd5 26. g3 Rb8 27. Nxc4
Bxc4 28. Rxc4 Ne3 29. Rdc1 Nxc4 30. Rxc4 h6 31. b3 Rd8 32. Kf2 Kh7 33. Ke3 Kg6
34. Rc6 a5 35. Rc5 f6 36. Rxa5 Rc8 37. Rc5 Ra8 38. a4 Rb8 39. Rc3 Rb4 40. Kd3
Kf7 41. Rc7+ Kg6 42. Kc3 Rb6 43. a5 Ra6 44. b4 Kf5 45. Rxg7 {GroussetNathan a abandonné} 1-0

[Event "Tournament 14473 - Europe Echecs"]
[Site "Europe Echecs"]
[Date "2020.07.11"]
[Round "3"]
[Time "14:57:21"]
[PlyCount "93"]
[White "WittenbergSere"]
[Black "LarmetNino"]
[WhiteElo "1447"]
[BlackElo "1818"]
[Mode "WEB"]
[Result "0-1"]

1. e4 e5 2. Nf3 Nc6 3. Nc3 Nf6 4. Bb5 Bb4 5. O-O O-O 6. d3 d6 7. Bg5 h6 8. Bxf6
gxf6 9. Nh4 Nd4 10. Bc4 f5 11. Nf3 fxe4 12. Nxd4 exd4 13. Nd5 Bc5 14. dxe4 c6
15. Nf4 Qg5 16. Qf3 Bg4 17. Qg3 Kh8 18. h3 Bd7 19. Qxg5 hxg5 20. Nd3 Bb6 21.
Rfe1 Rae8 22. e5 d5 23. Bb3 Bf5 24. Rac1 Re7 25. g4 Bxd3 26. cxd3 Rfe8 27. Bc2
Rxe5 28. Rxe5 Rxe5 29. Kf1 Ba5 30. a3 c5 31. Rd1 Kg7 32. Ba4 a6 33. Bd7 Re7 34.
Bf5 Kf6 35. Rc1 b6 36. b4 cxb4 37. Rc6+ Ke5 38. axb4 Bxb4 39. Rxb6 a5 40. Rb5
Bc3 41. Kg2 Ra7 42. Rb8 a4 43. Re8+ Kf6 44. Rd8 a3 45. Rd6+ Kg7 46. Rxd5 a2 {WittenbergSere a perdu au temps} 0-1

[Event "Tournament 14473 - Europe Echecs"]
[Site "Europe Echecs"]
[Date "2020.07.11"]
[Round "3"]
[Time "14:57:21"]
[PlyCount "74"]
[White "BruneauLilian"]
[Black "CombaudonNatha"]
[WhiteElo "1386"]
[BlackElo "1805"]
[Mode "WEB"]
[Result "1-0"]

1. d4 d5 2. Bf4 Nf6 3. Nf3 c5 4. c3 Nc6 5. e3 e6 6. Nbd2 Bd6 7. Bg3 O-O 8. Bd3
Qe7 9. Bc2 Nd7 10. Bxd6 Qxd6 11. O-O e5 12. dxe5 Ndxe5 13. Nxe5 Nxe5 14. Nf3 Bg4
15. Be4 Rad8 16. Bd3 Nxf3+ 17. gxf3 Bh3 18. Re1 f5 19. Bf1 Qg6+ 20. Kh1 Qh5 21.
Bxh3 Qxh3 22. Rg1 Rf6 23. Rg3 Qh4 24. Qg1 Rd7 25. Rd1 Kf8 26. Qg2 f4 27. Rh3
Qxh3 28. Qxh3 Rdf7 29. Rxd5 g5 30. Qc8+ Kg7 31. exf4 Rxf4 32. Rxg5+ Kh6 33. Qxc5
Rxf3 34. Rg2 R3f5 35. Qd6+ R5f6 36. Qd2+ Rf4 37. Rg4 {CombaudonNatha a abandonné} 1-0

[Event "Tournament 14473 - Europe Echecs"]
[Site "Europe Echecs"]
[Date "2020.07.11"]
[Round "3"]
[Time "14:57:21"]
[PlyCount "50"]
[White "KrivcenkoAlexa"]
[Black "BruguierFloria"]
[WhiteElo "1795"]
[BlackElo "1422"]
[Mode "WEB"]
[Result "1-0"]

1. d4 e5 2. dxe5 Nc6 3. Nf3 Qe7 4. Bf4 Qb4+ 5. Bd2 Qxb2 6. Nc3 Nge7 7. Rb1 Qa3
8. Nb5 Qxa2 9. Nxc7+ Kd8 10. Nxa8 Qe6 11. Ng5 Qg6 12. Nf3 Nd5 13. e3 Ndb4 14.
Bxb4 Nxb4 15. Nd4 Qe4 16. Qd2 Nd5 17. Rg1 Qxe5 18. g3 Nf6 19. Bg2 d5 20. Qa5+ b6
21. Nc6+ Ke8 22. Nxe5 bxa5 23. Rb8 Kd8 24. Bh3 Bb4+ 25. Ke2 {BruguierFloria a perdu au temps} 1-0

[Event "Tournament 14473 - Europe Echecs"]
[Site "Europe Echecs"]
[Date "2020.07.11"]
[Round "3"]
[Time "14:57:21"]
[PlyCount "91"]
[White "SoaresDeMeloNa"]
[Black "GuitouniSoha"]
[WhiteElo "1183"]
[BlackElo "1780"]
[Mode "WEB"]
[Result "1/2-1/2"]

1. e4 c6 2. d4 d5 3. e5 Bf5 4. Nf3 e6 5. Bd3 Bxd3 6. Qxd3 c5 7. c3 Nc6 8. O-O
Qb6 9. Nbd2 Nh6 10. c4 Rd8 11. Nb3 cxd4 12. Bg5 Rd7 13. Rad1 Nf5 14. g4 Nh6 15.
h3 Bc5 16. a4 a5 17. Nfxd4 dxc4 18. Qxc4 Nxe5 19. Qxc5 Qxc5 20. Nxc5 Rxd4 21.
Nxb7 Rxd1 22. Rxd1 O-O 23. Bf4 Nc4 24. b3 Nb6 25. Nxa5 Nd5 26. Bd6 Ra8 27. Nc4
f5 28. f3 fxg4 29. fxg4 Nf7 30. Re1 Ng5 31. Kg2 Re8 32. a5 Nf7 33. a6 Nxd6 34.
Nxd6 Re7 35. Ra1 Ra7 36. Nb5 Ra8 37. a7 Kf7 38. Kf3 Ke7 39. Ke4 Kd7 40. Ke5 Nb4
41. Nd4 Nd3+ 42. Ke4 Nc5+ 43. Ke5 Nd3+ 44. Ke4 Nb4 45. Ke5 Nd3+ {Nulle par répétition} 1/2-1/2

[Event "Tournament 14473 - Europe Echecs"]
[Site "Europe Echecs"]
[Date "2020.07.11"]
[Round "3"]
[Time "14:57:21"]
[PlyCount "82"]
[White "BuffinJean"]
[Black "BeaudEmma"]
[WhiteElo "1711"]
[BlackElo "1396"]
[Mode "WEB"]
[Result "1-0"]

1. d4 Nf6 2. c4 g6 3. Nc3 Bg7 4. e4 d6 5. f3 O-O 6. Be3 Re8 7. Qd2 e5 8. d5 c6
9. Bd3 cxd5 10. cxd5 Na6 11. Nge2 Nc5 12. Bc2 Bd7 13. O-O a6 14. b4 Bb5 15. bxc5
Bxe2 16. Qxe2 dxc5 17. a4 Qa5 18. Bd2 Qc7 19. Bb3 Nd7 20. a5 b6 21. axb6 Qxb6
22. Bc4 Qc7 23. Rxa6 Nb6 24. Rxa8 Rxa8 25. Nb5 Qb7 26. Be3 Ra4 27. Bd3 c4 28.
Bc2 Ra2 29. Nd6 Qc7 30. Ne8 Qd7 31. Nxg7 Kxg7 32. Bxb6 Qb5 33. Be3 Qb2 34. d6 c3
35. d7 Qb8 36. Rd1 Qd8 37. Qb5 Rxc2 38. Qxe5+ f6 39. Qe8 Qxe8 40. dxe8=Q Rb2 41.
Qe7+ {BeaudEmma a abandonné} 1-0

[Event "Tournament 14473 - Europe Echecs"]
[Site "Europe Echecs"]
[Date "2020.07.11"]
[Round "3"]
[Time "14:57:21"]
[PlyCount "56"]
[White "RebenaFlorian"]
[Black "RusuCarloman"]
[WhiteElo "1081"]
[BlackElo "1357"]
[Mode "WEB"]
[Result "1-0"]

1. e4 e5 2. Nf3 Nc6 3. Bc4 Bc5 4. Nc3 Nf6 5. d3 d6 6. Bg5 h6 7. Bh4 g5 8. Bg3
Qe7 9. h3 Bd7 10. a3 Nd4 11. b4 Bb6 12. Nxd4 Bxd4 13. Qd2 c6 14. Rb1 Be6 15.
Bxe6 fxe6 16. b5 d5 17. bxc6 bxc6 18. Ne2 dxe4 19. Nxd4 exd4 20. dxe4 Nxe4 21.
Qxd4 Nf6 22. Rb8+ Rxb8 23. Bxb8 Qxa3 24. Qxf6 Rh7 25. Qg6+ Rf7 26. O-O Qc5 27.
Qxe6+ Re7 28. Qxh6 {RusuCarloman a abandonné} 1-0

[Event "Tournament 14473 - Europe Echecs"]
[Site "Europe Echecs"]
[Date "2020.07.11"]
[Round "3"]
[Time "14:57:21"]
[PlyCount "96"]
[White "DincovMatei"]
[Black "GavilaQuentin"]
[WhiteElo "1714"]
[BlackElo "1199"]
[Mode "WEB"]
[Result "1-0"]

1. d4 Nf6 2. c4 c5 3. d5 b5 4. cxb5 a6 5. bxa6 g6 6. Nc3 Bxa6 7. e4 Bxf1 8. Kxf1
Bg7 9. g3 d6 10. Nf3 O-O 11. Kg2 Nbd7 12. Re1 Re8 13. Nb5 Qb6 14. a4 Nh5 15. Qc2
Ne5 16. Nd2 Qb8 17. f4 Ng4 18. Nc4 e5 19. h3 Ngf6 20. Ncxd6 Rd8 21. fxe5 Nd7 22.
Nc4 Nxe5 23. Nxe5 Bxe5 24. Bg5 f6 25. Bd2 Bxg3 26. Re2 Bh2 27. Qd3 Bf4 28. Qf3
Bh2 29. b3 Re8 30. Rh1 Be5 31. Rc1 Bh2 32. Be3 f5 33. exf5 Bf4 34. fxg6 Rxe3 35.
gxh7+ Kh8 36. Rxe3 Bxe3 37. Qxe3 Nf4+ 38. Kh1 Qf8 39. Rf1 Nxd5 40. Rxf8+ Rxf8
41. Qe5+ Nf6 42. Qxc5 Rf7 43. Nd6 Rd7 44. Nf5 Rd1+ 45. Kg2 Rd2+ 46. Kf1 Ne4 47.
Qf8+ Kxh7 48. Qg7# {GavilaQuentin est échec et mat} 1-0

[Event "Tournament 14473 - Europe Echecs"]
[Site "Europe Echecs"]
[Date "2020.07.11"]
[Round "3"]
[Time "14:57:21"]
[PlyCount "127"]
[White "AlsruheFelix"]
[Black "ShvedJakov"]
[WhiteElo "1213"]
[BlackElo "1667"]
[Mode "WEB"]
[Result "0-1"]

1. d4 d5 2. c4 e5 3. cxd5 Qxd5 4. Nf3 Nc6 5. Nc3 Qa5 6. dxe5 Bb4 7. Bd2 Bf5 8.
a3 Be7 9. b4 Qb6 10. Be3 Qa6 11. Bf4 Be6 12. e4 Bc4 13. b5 Qa5 14. Bxc4 Qxc3+
15. Bd2 Qxc4 16. bxc6 Qxe4+ 17. Be3 Bc5 18. cxb7 Rb8 19. O-O Bxe3 20. fxe3 Qxe3+
21. Kh1 Ne7 22. Qa4+ c6 23. Qxa7 O-O 24. Rae1 Qxa7 25. h3 Rxb7 26. Nd2 Rfb8 27.
Ne4 Rb2 28. Nd6 Qb6 29. Nxf7 Rb1 30. Nd6 Rxe1 31. Rxe1 Qb1 32. Rxb1 Rxb1+ 33.
Kh2 Ra1 34. Kg3 Rxa3+ 35. Kf4 Ra4+ 36. Ke3 g6 37. Kd3 c5 38. Nc4 Rxc4 39. Kxc4
Kf7 40. Kxc5 Ke6 41. Kd4 Nc6+ 42. Ke4 Nxe5 43. Kf4 Kf6 44. g4 Nd3+ 45. Kg3 Ke5
46. Kh4 Nf2 47. Kg3 Nxh3 48. Kxh3 Kf4 49. Kh4 g5+ 50. Kh5 h6 51. Kg6 Kxg4 52.
Kxh6 Kf4 53. Kh5 g4 54. Kh4 Kf3 55. Kh5 g3 56. Kh4 g2 57. Kh5 g1=Q 58. Kh6 Qg4
59. Kh7 Qg5 60. Kh8 Kf4 61. Kh7 Kf5 62. Kh8 Kf6 63. Kh7 Qg7# {AlsruheFelix est échec et mat} 0-1

[Event "Tournament 14473 - Europe Echecs"]
[Site "Europe Echecs"]
[Date "2020.07.11"]
[Round "3"]
[Time "14:57:21"]
[PlyCount "101"]
[White "TaffouraudWill"]
[Black "LemaireVivien"]
[WhiteElo "1199"]
[BlackElo "1471"]
[Mode "WEB"]
[Result "0-1"]

1. e4 c5 2. Nc3 Nc6 3. Nf3 d6 4. b3 g6 5. Bc4 Nf6 6. Bb2 Bg7 7. Qe2 O-O 8. O-O-O
a6 9. a4 e5 10. Ng5 Nd4 11. Qd3 Ng4 12. Qh3 Nh6 13. Qh4 Bd7 14. Rhe1 b5 15. Bd5
Bc6 16. Re3 Bxd5 17. exd5 Ndf5 18. Qh3 Nxe3 19. fxe3 Qxg5 20. Ne4 Qf5 21. Nxd6
Qxh3 22. gxh3 bxa4 23. Nb7 Rfc8 24. Nd6 Rd8 25. Nb7 Rxd5 26. e4 Rd7 27. Nxc5 Rc7
28. Nxa4 Rac8 29. c3 Rb8 30. h4 Rxb3 31. Kc2 Rb5 32. h5 Rc4 33. Ra1 Rxe4 34. c4
Rxc4+ 35. Nc3 e4 36. Ra4 Rxa4 37. Nxa4 Rxh5 38. Bxg7 Kxg7 39. Nb6 Rxh2 40. Nd5
a5 41. Nb6 e3 42. Kd1 Rxd2+ 43. Ke1 Ng4 44. Nc4 Ra2 45. Nd6 h5 46. Ne8+ Kf8 47.
Nd6 h4 48. Ne4 h3 49. Ng3 h2 50. Nh1 a4 {TaffouraudWill a perdu au temps} 0-1

[Event "Tournament 14473 - Europe Echecs"]
[Site "Europe Echecs"]
[Date "2020.07.11"]
[Round "3"]
[Time "14:57:21"]
[PlyCount "63"]
[White "YaylaElif"]
[Black "EricAndrianaFi"]
[WhiteElo "1199"]
[BlackElo "1401"]
[Mode "WEB"]
[Result "0-1"]

1. d4 d5 2. Bf4 Nf6 3. e3 e6 4. Bd3 b6 5. Nd2 Bb7 6. h3 Nbd7 7. Ngf3 Be7 8. c4
Rc8 9. cxd5 Nxd5 10. Bh2 O-O 11. O-O c5 12. dxc5 Nxc5 13. Be2 Bf6 14. Rb1 Qe7
15. Nc4 Rfd8 16. Qe1 Ne4 17. Ncd2 Nb4 18. Bd1 Qd7 19. Nd4 Nd3 20. Qe2 Ba6 21.
Qf3 Nxd2 22. Qg4 Nxb1 23. Be2 Nd2 24. Rd1 Bxd4 25. Rf1 Nxf1 26. Bxf1 Bxb2 27.
Bxd3 Bxd3 28. Bf4 Rc1+ 29. Kh2 Bf5 30. Qe2 Qd1 31. Qxd1 Rdxd1 {YaylaElif a perdu au temps} 0-1

[Event "Tournament 14473 - Europe Echecs"]
[Site "Europe Echecs"]
[Date "2020.07.11"]
[Round "3"]
[Time "14:57:21"]
[PlyCount "124"]
[White "HalilovicDario"]
[Black "SwietlikCharle"]
[WhiteElo "1170"]
[BlackElo "1388"]
[Mode "WEB"]
[Result "1-0"]

1. e4 e5 2. Nf3 Nc6 3. Bb5 Nf6 4. O-O d6 5. Re1 Bg4 6. h3 Bh5 7. g4 Bg6 8. d4
Bxe4 9. Nc3 Bxf3 10. Qxf3 Nd7 11. Bxc6 bxc6 12. Qxc6 Rb8 13. dxe5 Be7 14. exd6
cxd6 15. Nd5 O-O 16. Nxe7+ Kh8 17. Qxd6 Rb6 18. Qd3 Re8 19. Qa3 Nf6 20. Bg5 h6
21. Bxf6 Rxf6 22. Nf5 Rg8 23. Qxa7 Qd5 24. Rad1 Qf3 25. Re3 Qc6 26. c3 Qc4 27.
Re7 Qf4 28. Rxf7 Qf3 29. Rdd7 Qxh3 30. Rxf6 Qxg4+ 31. Kf1 Qc4+ 32. Kg2 Qg4+ 33.
Kf1 Qc4+ 34. Ke1 Qe4+ 35. Kd2 Qf4+ 36. Kc2 Qxf2+ 37. Kb3 Qxa7 38. Rxa7 gxf6 39.
Nxh6 Rg6 40. Nf7+ Kg8 41. Nd6 f5 42. Nxf5 Rb6+ 43. Kc2 Rf6 44. Nd4 Rb6 45. b4
Kf8 46. a4 Ke8 47. a5 Rd6 48. b5 Kd8 49. b6 Kc8 50. Rh7 Kd8 51. c4 Rxd4 52. Kc3
Rd6 53. c5 Rc6 54. a6 Rxc5+ 55. Kb4 Rc6 56. Kb5 Rc8 57. Rh8+ Kd7 58. Rxc8 Kxc8
59. Kc6 Kb8 60. a7+ Ka8 61. b7+ Kxa7 62. Kc7 {SwietlikCharle a abandonné} 1-0

[Event "Tournament 14473 - Europe Echecs"]
[Site "Europe Echecs"]
[Date "2020.07.11"]
[Round "3"]
[Time "14:57:21"]
[PlyCount "207"]
[White "LemiereCharlot"]
[Black "ChelliliYounes"]
[WhiteElo "1351"]
[BlackElo "1101"]
[Mode "WEB"]
[Result "0-1"]

1. e4 e5 2. Nf3 Nc6 3. d4 d6 4. Nc3 Bg4 5. dxe5 dxe5 6. Be2 Bb4 7. Bd2 Bxf3 8.
Bxf3 Nf6 9. a3 Ba5 10. O-O O-O 11. b4 Bb6 12. Bg5 h6 13. Qxd8 Raxd8 14. Bxf6
gxf6 15. Rad1 Kg7 16. h3 Kg6 17. Nd5 h5 18. Nxb6 cxb6 19. Rfe1 Nd4 20. Rd2 Nxf3+
21. gxf3 Rxd2 22. Rc1 Rg8 23. c4 f5 24. c5 bxc5 25. bxc5 fxe4 26. fxe4 Re2 27.
c6 bxc6 28. Rxc6+ Kh7+ 29. Kf1 Rxe4 30. Rc7 Rf4 31. Rxa7 Rg3 32. a4 Rxh3 33. a5
Rh1+ 34. Ke2 Rh2 35. a6 Rfxf2+ 36. Ke3 Rfg2 37. Rxf7+ Kg6 38. Rf8 Ra2 39. Ra8
Rh3+ 40. Ke4 Kf6 41. Kd5 Rc3 42. Rf8+ Kg5 43. Ra8 h4 44. a7 Kg4 45. Rg8+ Kh5 46.
a8=Q Rxa8 47. Rxa8 Kg6 48. Kxe5 h3 49. Rg8+ Kf7 50. Rh8 Kg7 51. Rh4 Kg6 52. Kd4
Ra3 53. Kc5 Kf5 54. Kb4 Rf3 55. Rh5+ Kg4 56. Rh7 Kg3 57. Rg7+ Kf2 58. Rh7 Kg3
59. Rg7+ Kh2 60. Rh7 Kh1 61. Kc4 h2 62. Kd4 Rf2 63. Ke3 Rg2 64. Kf3 Kg1 65. Rh6
h1=Q 66. Rxh1+ Kxh1 67. Ke3 Rg8 68. Kf4 Kh2 69. Kf5 Kh3 70. Kf6 Kh4 71. Kf7 Rg1
72. Kf6 Rg2 73. Kf5 Rg1 74. Kf6 Kh5 75. Ke5 Rf1 76. Ke4 Kg5 77. Ke3 Kg4 78. Ke2
Rf8 79. Ke3 Rf7 80. Ke4 Re7+ 81. Kd5 Kf4 82. Kd6 Re1 83. Kd5 Re2 84. Kc4 Rc2+
85. Kd3 Rc8 86. Kd4 Rd8+ 87. Kc5 Ke4 88. Kc6 Ke5 89. Kc7 Rd1 90. Kc6 Rd2 91. Kb5
Rc2 92. Kb4 Kd5 93. Kb3 Rc8 94. Kb2 Kd4 95. Kb3 Rc7 96. Ka4 Rb7 97. Ka5 Kc4 98.
Ka6 Rb1 99. Ka7 Kc5 100. Ka8 Kc6 101. Ka7 Rb2 102. Ka8 Kc7 103. Ka7 Ra2# {LemiereCharlot est échec et mat} 0-1

[Event "Tournament 14473 - Europe Echecs"]
[Site "Europe Echecs"]
[Date "2020.07.11"]
[Round "3"]
[Time "14:57:21"]
[PlyCount "41"]
[White "GerardKelian"]
[Black "LeforestierEnz"]
[WhiteElo "1056"]
[BlackElo "1350"]
[Mode "WEB"]
[Result "0-1"]

1. d4 Nf6 2. c4 g6 3. Nc3 Bg7 4. e4 d6 5. Nf3 O-O 6. Bd3 e5 7. dxe5 dxe5 8. Nxe5
Nxe4 9. Nxe4 Bxe5 10. O-O Nc6 11. Re1 Bf5 12. Qb3 Nd4 13. Qxb7 Qh4 14. g3 Qh3
15. Ng5 Qg4 16. Rxe5 h6 17. Bxf5 gxf5 18. f3 Qh5 19. Nxf7 Nxf3+ 20. Kh1 Qxh2# {GerardKelian est échec et mat} 0-1

[Event "Tournament 14473 - Europe Echecs"]
[Site "Europe Echecs"]
[Date "2020.07.11"]
[Round "4"]
[Time "15:28:00"]
[PlyCount "100"]
[White "Razafindratsim"]
[Black "KuhnClement"]
[WhiteElo "2336"]
[BlackElo "2150"]
[Mode "WEB"]
[Result "1-0"]

1. e4 c5 2. Nf3 Nc6 3. d4 cxd4 4. Nxd4 e5 5. Nb5 d6 6. N1c3 a6 7. Na3 b5 8. Nd5
Nge7 9. c4 Nd4 10. Bd3 Nxd5 11. cxd5 g6 12. O-O Bg7 13. Nc2 Nxc2 14. Qxc2 Bd7
15. Qb3 O-O 16. Qa3 Qe7 17. Be3 f5 18. f3 a5 19. Rfc1 b4 20. Qb3 fxe4 21. fxe4
Rfc8 22. a3 Qh4 23. axb4 Bh6 24. Bf2 Qg5 25. Rxc8+ Rxc8 26. b5 Qd2 27. Rd1 Rc1
28. Rxc1 Qxc1+ 29. Bf1 Bg4 30. Qc3 Qxc3 31. bxc3 Bd2 32. b6 Bc8 33. Bb5 Bxc3 34.
Bc6 Bd4 35. Bxd4 exd4 36. b7 Bxb7 37. Bxb7 a4 38. Ba6 a3 39. Bc4 d3 40. Kf2 d2
41. Ke2 a2 42. Bxa2 Kf7 43. Kxd2 Kf6 44. Ke3 Ke5 45. Bc4 g5 46. Bb5 h5 47. h4
gxh4 48. Be8 h3 49. gxh3 h4 50. Kf3 {KuhnClement a abandonné} 1-0

[Event "Tournament 14473 - Europe Echecs"]
[Site "Europe Echecs"]
[Date "2020.07.11"]
[Round "4"]
[Time "15:28:00"]
[PlyCount "97"]
[White "MathieuPhileas"]
[Black "HingouetMatthi"]
[WhiteElo "2214"]
[BlackElo "2228"]
[Mode "WEB"]
[Result "0-1"]

1. e4 c5 2. Nf3 Nf6 3. e5 Nd5 4. c4 Nc7 5. Nc3 Nc6 6. d3 b6 7. Be2 g6 8. O-O Bg7
9. Bf4 O-O 10. Qd2 Re8 11. Rfe1 Bb7 12. Bf1 Ne6 13. Bg3 Ncd4 14. Nxd4 Nxd4 15.
Rad1 f6 16. exf6 Bxf6 17. Be5 Rf8 18. Bxf6 Rxf6 19. Ne2 Bf3 20. Nxd4 Bxd1 21.
Qxd1 cxd4 22. Qg4 Rd6 23. Be2 Rc8 24. Bf3 Rc5 25. Qh4 Rf6 26. Qxd4 e6 27. h3
Rcf5 28. Bg4 Rxf2 29. Bxe6+ Kg7 30. Bd5 R2f4 31. Qc3 Qf8 32. Kh2 Qd6 33. Kg1 Kf8
34. Bf3 Rxf3 35. gxf3 Qg3+ 36. Kh1 Qxh3+ 37. Kg1 Qg3+ 38. Kh1 Qxf3+ 39. Kg1 Kf7
40. c5 Qf2+ 41. Kh1 bxc5 42. Qb3+ Kg7 43. Qc3 Kh6 44. Qc1+ g5 45. Qc3 Qf3+ 46.
Kg1 Qg3+ 47. Kh1 Rf2 48. Qe5 Qg2# {MathieuPhileas est échec et mat} 0-1

[Event "Tournament 14473 - Europe Echecs"]
[Site "Europe Echecs"]
[Date "2020.07.11"]
[Round "4"]
[Time "15:28:00"]
[PlyCount "73"]
[White "FardetElouan"]
[Black "TravadonLoic"]
[WhiteElo "2163"]
[BlackElo "2431"]
[Mode "WEB"]
[Result "0-1"]

1. e4 d6 2. d4 g6 3. Nc3 Bg7 4. Bg5 h6 5. Bh4 a6 6. f4 b5 7. Nf3 Nd7 8. Qd2 Bb7
9. Be2 Nb6 10. Qe3 b4 11. Nd1 Nf6 12. Nf2 Qd7 13. O-O Qe6 14. Bd3 Nc4 15. Qe1
Nb6 16. d5 Nfxd5 17. exd5 Qxe1 18. Rfxe1 Nxd5 19. Rab1 e6 20. Bg3 Kd7 21. Ne4 f5
22. Ned2 Bf6 23. Nc4 a5 24. a4 g5 25. fxg5 hxg5 26. Bf2 c5 27. Nfd2 g4 28. Nb3
g3 29. Bxg3 f4 30. Bf2 Rag8 31. Be4 Kc7 32. Nbxa5 Ba6 33. Bd3 f3 34. g3 Nf4 35.
Bf1 d5 36. Be3 Bd4 {FardetElouan a perdu au temps} 0-1

[Event "Tournament 14473 - Europe Echecs"]
[Site "Europe Echecs"]
[Date "2020.07.11"]
[Round "4"]
[Time "15:28:00"]
[PlyCount "61"]
[White "DroinAugustin"]
[Black "WeismanNathan"]
[WhiteElo "2313"]
[BlackElo "2186"]
[Mode "WEB"]
[Result "1/2-1/2"]

1. e4 c5 2. Nf3 e6 3. d4 cxd4 4. Nxd4 Nf6 5. Nc3 d6 6. g4 e5 7. Nf5 h5 8. Bb5+
Nc6 9. g5 Nxe4 10. Nxg7+ Bxg7 11. Nxe4 d5 12. Nc3 Be6 13. Bd2 e4 14. Bf4 Qa5 15.
Qd2 Bxc3 16. Qxc3 Qxb5 17. Qxh8+ Kd7 18. Qxa8 Bg4 19. c4 Qxb2 20. O-O Nd4 21.
Qb8 Ne2+ 22. Kg2 Bf3+ 23. Kh3 Bg4+ 24. Kh4 Nd4 25. Qc7+ Ke8 26. Qe5+ Kf8 27.
Qh8+ Ke7 28. Qe5+ Kf8 29. Qh8+ Ke7 30. Qe5+ Kf8 {Nulle par répétition} 1/2-1/2

[Event "Tournament 14473 - Europe Echecs"]
[Site "Europe Echecs"]
[Date "2020.07.11"]
[Round "4"]
[Time "15:28:00"]
[PlyCount "77"]
[White "DalaudDorian"]
[Black "RobertYoann"]
[WhiteElo "2242"]
[BlackElo "2071"]
[Mode "WEB"]
[Result "0-1"]

1. c4 g6 2. Nc3 Bg7 3. d4 f5 4. Nf3 Nf6 5. Bg5 c6 6. h4 O-O 7. e3 d6 8. Bxf6
Bxf6 9. h5 e5 10. Qd2 Qe7 11. hxg6 hxg6 12. O-O-O e4 13. Ng1 Na6 14. Nge2 Kg7
15. Kb1 Nc7 16. f3 d5 17. cxd5 cxd5 18. Nf4 Be6 19. g4 exf3 20. gxf5 Bxf5+ 21.
Bd3 Bg5 22. Ncxd5 Nxd5 23. Nxd5 Qd6 24. Nf4 Bxf4 25. Bxf5 Rxf5 26. exf4 Qxf4 27.
Qc3 Rd5 28. Rhf1 Rf8 29. Rd3 Qe4 30. Ka1 Qe2 31. Rdd1 f2 32. Qh3 Rb5 33. Rb1 Rd5
34. b3 Rxd4 35. Qc3 Qd2 36. Qc7+ Kg8 37. Qe5 Qc3+ 38. Rb2 Rd1+ {DalaudDorian a perdu au temps} 0-1